000 00535nam a2200229Ia 4500
005 20250425162712.0
008 250425s9999 xx 000 0 und d
020 _a9580403805
041 _aspa
043 _ack
082 _a658.568
100 _aTHOMPSON, PHILIP
245 0 _aCIRCULOS DE CALIDAD: COMO HACER QUE FUNCIONEN
250 _a1A. ED.
260 _aBOGOTA
260 _aColombia
_bNORMA
_c1984
300 _a204
650 _aCAPACITACION
650 _aCIRCULOS DE CALIDAD
942 _c01
010 _a98067
999 _c234706
_d234706